000 00409nam a2200121 a 4500
008 120416s1991 xx |||||||||||||| || u
050 _aS 494.5.A45 Har
100 _aHart, Robert A. de J
245 1 0 _aForest gardening
260 _c1991
350 _a0.00
995 _D0.00
_FCBU-MAIN LIBRARY (Kitwe)
_H1
_I7.95
_M1
_UDAMAGED
_ZMain Library Open Access Collection
999 _c43763
_d43763